000 00597nam a22001817a 4500
003 OSt
005 20251126101937.0
008 251126b |||||||| |||| 00| 0 eng d
020 _a971-8510-81-8.
040 _aDWCL-Main lib
_cOC
082 _aFil. 526.9 B554t 2005
100 _aBesavilla, Venancio I., Jr.
245 _aTheory and practice in surveying for geodetic engineers
_cBesavilla, Venancio I., Jr.
260 _aCebu City :
_bVIB Publisher,
_cc2005.
300 _a336 pages :
_billustration ;
_c21 cm.
650 _21. Surveying-Problems, exercises, etc.
942 _2ddc
_cBK - FIL
_kFil.
_n0
999 _c6365
_d6365